The complete book of greenhouse gardening

Uloženo v:
Podrobná bibliografie
Hlavní autor: Henrry T Northen
Médium: Kniha
Jazyk:Undetermined
Vydáno: New York Ronald Press 1956
Témata:
Tagy: Přidat tag
Žádné tagy, Buďte první, kdo otaguje tento záznam!
Thư viện lưu trữ: Trung tâm Học liệu Trường Đại học Cần Thơ
LEADER 00475nam a2200169Ia 4500
001 CTU_13450
008 210402s9999 xx 000 0 und d
082 |a 635.9823 
082 |b N874 
100 |a Henrry T Northen 
245 4 |a The complete book of greenhouse gardening 
245 0 |c Henrry T Northen, Rebecca T Northen 
260 |a New York 
260 |b Ronald Press 
260 |c 1956 
650 |a greenhouse 
980 |a Trung tâm Học liệu Trường Đại học Cần Thơ